Hauptstädte mit a - Statistiken

Allgemein
  • Dieses Quiz wurde 181 mal gespielt
  • Das Durchschnittsergebnis liegt bei 11 aus 16
Antwortstatistiken
Antwort % Korrekt
Amsterdam
84%
Ankara
83%
Athen
74%
Addis Abeba
72%
Astana
72%
Andorra la Vella
67%
Algier
66%
Antananarivo
65%
Asunción
65%
Accra
64%
Amman
64%
Abu Dhabi
63%
Abuja
61%
Aşgabat
59%
Asmara
54%
Apia
48%
Keine übereinstimmenden Quizze gefunden
Verteilung der Resultate
Anzahl Personen mit jedem Resultat
Perzentil nach korrekt beantworteten Fragen
Ihre Resultats-Entwicklung
Sie haben dieses Quiz noch nicht gespielt